| 000 | 00489nam a22001697a 4500 | ||
|---|---|---|---|
| 003 | SGT | ||
| 020 | _a9788131264874 | ||
| 082 |
_a611 _bG23S |
||
| 100 | _aSINGH, VISHRAM | ||
| 245 | _aGENERAL ANATOMY: WITH SYSTEMIC ANATOMY RADIOLOGICAL ANATOMY MEDICAL GENETICS | ||
| 250 | _a4TH | ||
| 260 |
_aINDIA _bELSEVIER PUB _c2023 |
||
| 300 | _a245 | ||
| 650 | _aHUMAN ANATOMY | ||
| 653 | _aGENERAL ANATOMY: WITH SYSTEMIC ANATOMY RADIOLOGICAL ANATOMY MEDICAL GENETICS | ||
| 942 |
_2ddc _cBK _0192 |
||
| 999 |
_c23761 _d23761 |
||